书目信息 |
| 题名: |
考研数学概率统计高分一本通
|
|
| 作者: | 朱杰 , 吴晶雯 , 王炎 主编 | |
| 分册: | ||
| 出版信息: | 上海 上海交通大学出版社 2020.05 |
|
| 页数: | 236页 | |
| 开本: | 24cm | |
| 丛书名: | 考研数学高分一本通丛书 | |
| 单 册: | ||
| 中图分类: | O211 | |
| 科图分类: | ||
| 主题词: | 概率统计--gai lv tong ji--研究生--入学考试--自学参考资料 | |
| 电子资源: | ||
| ISBN: | 978-7-313-23182-6 | |
| 000 | 01170nam 2200265 450 | |
| 001 | 2049695107 | |
| 005 | 20201105134826.59 | |
| 010 | @a978-7-313-23182-6@dCNY46.00 | |
| 100 | @a20200720d2020 em y0chiy50 ea | |
| 101 | 0 | @achi |
| 102 | @aCN@b310000 | |
| 105 | @aa z 000yy | |
| 200 | 1 | @a考研数学概率统计高分一本通@Akao yan shu xue gai lv tong ji gao fen yi ben tong@f朱杰, 吴晶雯, 王炎主编 |
| 210 | @a上海@c上海交通大学出版社@d2020.05 | |
| 215 | @a236页@c图@d24cm | |
| 225 | 2 | @a考研数学高分一本通丛书@Akao yan shu xue gao fen yi ben tong cong shu |
| 330 | @a本书为“考研数学高分一本通丛书”之一。本书主要内容包括考研数学概率论与数理统计。本书适合需要参加考研的学生或者高校学习概率统计的本科生。本书特点: 结合考研大纲进行详细讲解, 内容由浅入深, 突出概率思维, 完整总结概率统计的核心内容, 结合考研数学真题进行讲解, 并配有循序渐进的习题加以巩固。 | |
| 410 | 0 | @12001 @a考研数学高分一本通丛书 |
| 606 | 0 | @a概率统计@Agai lv tong ji@x研究生@x入学考试@j自学参考资料 |
| 690 | @aO211@v5 | |
| 701 | 0 | @a朱杰@Azhu jie@4主编 |
| 701 | 0 | @a吴晶雯@Awu jing wen@4主编 |
| 701 | 0 | @a王炎@Awang yan@4主编 |
| 801 | 0 | @aCN@b人天书店@c20200926 |
| 905 | @aZUCC@dO211@eZ851 | |
| 考研数学概率统计高分一本通/朱杰, 吴晶雯, 王炎主编.-上海:上海交通大学出版社,2020.05 |
| 236页:图;24cm.-(考研数学高分一本通丛书) |
| ISBN 978-7-313-23182-6:CNY46.00 |
| 本书为“考研数学高分一本通丛书”之一。本书主要内容包括考研数学概率论与数理统计。本书适合需要参加考研的学生或者高校学习概率统计的本科生。本书特点: 结合考研大纲进行详细讲解, 内容由浅入深, 突出概率思维, 完整总结概率统计的核心内容, 结合考研数学真题进行讲解, 并配有循序渐进的习题加以巩固。 |
| ● |
| 相关链接 |
|
|
|
正题名:考研数学概率统计高分一本通
索取号:O211/Z851
 
预约/预借
| 序号 | 登录号 | 条形码 | 馆藏地/架位号 | 状态 | 备注 |
| 1 | 1479265 | 214792651 | 自科库401/401自科库 47排5列3层/ [索取号:O211/Z851] | 在馆 | |
| 2 | 1479266 | 214792660 | 自科库401/401自科库 47排5列3层/ [索取号:O211/Z851] | 在馆 |